<?xml version="1.0" encoding="UTF-8"?>
<record
    xmlns:xsi="http://www.w3.org/2001/XMLSchema-instance"
    xsi:schemaLocation="http://www.loc.gov/MARC21/slim http://www.loc.gov/standards/marcxml/schema/MARC21slim.xsd"
    xmlns="http://www.loc.gov/MARC21/slim">

  <leader>01684    a2200205   4500</leader>
  <controlfield tag="001">36305</controlfield>
  <controlfield tag="005">20260407155639.0</controlfield>
  <controlfield tag="008">260407a1958    arg                 spa d</controlfield>
  <controlfield tag="003">AR-UNSa-BCEJYS</controlfield>
  <datafield tag="040" ind1=" " ind2=" ">
    <subfield code="a">AR-UNSa-BCEJYS</subfield>
    <subfield code="b">spa</subfield>
    <subfield code="c">AR-UNSa-BCEJYS</subfield>
  </datafield>
  <datafield tag="080" ind1=" " ind2=" ">
    <subfield code="a">35</subfield>
    <subfield code="x">Administraci&#xF3;n P&#xFA;blica</subfield>
  </datafield>
  <datafield tag="245" ind1="1" ind2="0">
    <subfield code="a">Poder discrecional administrativo</subfield>
    <subfield code="p">(arbitrio administrativo)</subfield>
  </datafield>
  <datafield tag="264" ind1=" " ind2="1">
    <subfield code="a">Buenos Aires :</subfield>
    <subfield code="b">Abeledo Perrot</subfield>
    <subfield code="c">1958</subfield>
  </datafield>
  <datafield tag="300" ind1=" " ind2=" ">
    <subfield code="a">302 p.</subfield>
    <subfield code="c">20 cm.</subfield>
  </datafield>
  <datafield tag="505" ind1=" " ind2=" ">
    <subfield code="a">1. Arbitrio ordinario y extraordinario - 2. Arbitrio ordinario, extraordinario y norma - 3. Totalidad del ordenamiento jur&#xED;dico y el arbitrio - 4. Formulas el&#xE1;sticas aplicadas por normas generales o por normas individuales - 5. La f&#xF3;rmula el&#xE1;stica expresada, la construida y la explicitada - 6. Leyes de competencia y normas de competencia - 7. Fines de conducta y regla de especialidad - 8. Competencia y regla de especialidad - 9. Ubicaci&#xF3;n del contenido dogm&#xE1;tico de finalidad en la norma - 10. Estado de derecho y legalidad de la administraci&#xF3;n - 11. Razonabilidad y valoraci&#xF3;n jur&#xED;dica - 12. Las sanciones contra el organo administrativo - 13. El deber de razonabilidad a cargo de la administraci&#xF3;n en la rep&#xFA;blica argentina - 14. Arbitrio administrativo ordinario y su ejercicio razonable e irrazonable - 15. Arbitrio extraordinario y su ejercicio razonable e irrazonable - 16. Relaci&#xF3;n entre las formulas de razonabilidad y de finalidad - 17. El acto administrativo con mero fundamento de razonabilidad - 18. Arbitrio administrativo y politica - 19. Recapitulaci&#xF3;n y g&#xE9;nero proximo</subfield>
  </datafield>
  <datafield tag="041" ind1=" " ind2=" ">
    <subfield code="a">spa</subfield>
  </datafield>
  <datafield tag="942" ind1=" " ind2=" ">
    <subfield code="c">BK</subfield>
  </datafield>
  <datafield tag="590" ind1=" " ind2=" ">
    <subfield code="a">niveau_biblio:m niveau_hierar:0</subfield>
  </datafield>
  <datafield tag="100" ind1="1" ind2=" ">
    <subfield code="a">Linares, Juan Francisco</subfield>
  </datafield>
  <datafield tag="999" ind1=" " ind2=" ">
    <subfield code="c">2633</subfield>
    <subfield code="d">2633</subfield>
  </datafield>
  <datafield tag="952" ind1=" " ind2=" ">
    <subfield code="0">0</subfield>
    <subfield code="1">0</subfield>
    <subfield code="4">0</subfield>
    <subfield code="7">0</subfield>
    <subfield code="a">BCEJYS</subfield>
    <subfield code="b">BCEJYS</subfield>
    <subfield code="c">16</subfield>
    <subfield code="d">2026-04-07</subfield>
    <subfield code="l">0</subfield>
    <subfield code="o">35 L735</subfield>
    <subfield code="p">L125311</subfield>
    <subfield code="r">2026-04-07 15:56:39</subfield>
    <subfield code="w">2026-04-07</subfield>
    <subfield code="y">L</subfield>
  </datafield>
</record>
